| 000 | 00663nam a22002177a 4500 | ||
|---|---|---|---|
| 001 | 28883 | ||
| 003 | UA-OsUOA | ||
| 005 | 20220713121903.0 | ||
| 007 | ta | ||
| 008 | 20050512b un ||||| |||| 00| 0 ukr d | ||
| 040 |
_aUA-OsUOA _brus _cUA-OsUOA _dUA-OsUOA |
||
| 041 | _arus | ||
| 044 | _aRU | ||
| 080 | _a94(47+57) | ||
| 090 |
_a94(47+57) _bО-95 |
||
| 245 |
_cпод ред. Б. Д. Грекова, Л. В. Черепнина, В. Т. Пашуто _bв 2-х ч. _nч. І _pПериод феодализма ІХ–ХV в. в. _aОчерки истории СССР |
||
| 300 |
_a984 с. _bІлюстрації |
||
| 650 | 7 | _2UDC | |
| 942 |
_cBK _2udc |
||
| 955 | _a0 | ||
| 999 |
_c315256 _d315256 |
||